000 nam a22 7a 4500
999 _c10056
_d10056
008 180209b ||||| |||| 00| 0 eng d
100 _aDass, H K
_96081
245 _aMathematics for class -x
260 _aNew delhi
_bS Chand publication
_c2011